| 000 | 00943cam a2200325u 4500 | ||
|---|---|---|---|
| 001 | data | ||
| 005 | 20260322212103.0 | ||
| 008 | data | ||
| 035 | _a6640050 | ||
| 906 |
_a0 _bcbc _cpremunv _du _encip _f19 _gy-gencatlg |
||
| 010 | _a 72304565 | ||
| 035 | _9(DLC) 72304565 | ||
| 040 |
_aDLC _cCarP _dDLC |
||
| 050 | 0 | 0 |
_aRD523 _b.N38 |
| 100 | 1 | _aNasteff, Deltscho. | |
| 245 | 1 | 0 | _aOerationslehre der Mund-Kiefer-Gesichts-Chirurgie |
| 260 |
_aBerlin, _bVerlag Volk und Gesundheit, _c1971. |
||
| 300 |
_axi, 536 p. _billus. _c25 cm. |
||
| 336 |
_atext _btxt _2rdacontent |
||
| 337 |
_aunmediated _bn _2rdamedia |
||
| 338 |
_avolume _bnc _2rdacarrier |
||
| 500 | _aWU 600 N267o 1971] | ||
| 650 | 0 |
_aFace _xSurgery. |
|
| 650 | 0 |
_aJaws _xSurgery. |
|
| 650 | 2 |
_aFace _xSurgery. |
|
| 650 | 2 |
_aJaw _xSurgery. |
|
| 650 | 2 | _aSurgery, oral. | |
| 991 |
_bc-GenColl _hRD523 _i.N38 _tCopy 1 _wPREM |
||
| 999 |
_c1500 _d1500 |
||